000 00999cam a22002291i 4500
003 SA-RiAUC
005 20260112053955.0
008 260111s1996 ku f f000 0 ara c
040 _aSA-JeALM
_bara
_cSA-RiAUC
_erda
043 _aa-ku---
082 0 4 _a346.53805
090 _a346.53805
_bا م ا
110 2 _aالأمانة العامة للأوقاف (الكويت)
_eمؤلف.
245 1 2 _aالتقرير الإداري والمالي للصناديق والمشاريع الوقفية /
_cالأمانة العامة للأوقاف، وزارة الأوقاف والشؤون الإسلامية.
264 1 _aالكويت :
_bالأمانة العامة للأوقاف،
_c[1997]
300 _a113 صفحة
_bصور وايضاحات .
_c28 سم.
336 _aنص
_btxt
_2rdacontent
_3كتاب
337 _aبدون وسيط
_bn
_2rdamedia
650 7 _aالوقف
_xقوانين وتشريعات
_zالكويت
_2aucsh
942 _2ddc
_cBOOK
_n0
949 _aSA-JeALM
_d260111
_uosman123
_n1
999 _c13996
_d13996